=LDR 00000nam 2200000 4500 =001 INLIS000000000026963 =005 20130612125356 =008 ***********************************Ind** =035 ##$$a0010-061300000026963 =041 ##$$a Ind =082 ##$$a 650 =090 ##$$a 650, Pur n =100 ##$$a Purwanto =245 ##$$a New business administration dan paradigma baru pengelolaan bisnis di dunia tanpa batas, Poerwanto ; penyunting, Kamdani =260 ##$$a 2006 $b Yogyakarta =300 ##$$a ix, 320 hlm, ilus, 21 cm =650 ##$$a Bisnis =700 ##$$a Kamdani =850 ##$$a NBPNMAT =990 ##$$a 0001/BPAP-NTB/20142014